000 00833nam a2200241Ia 4500
003 OSt
005 20220918202806.0
006 a|||||r|||| 00| 0
007 ta
008 220917b |||||||| |||| 00| 0 eng d
024 _a103,904
037 _cTextual
040 _aARTS
_cARTS
_beng
041 _2eng
_aeng
082 _aR88xM48, E3
100 _aBalfour Arthur James
_980489
245 0 _aPassages in his non-political speeches addresses and writings abridged and briefly annotated by J G Jennings ; from the collection entitled Arthur James Balfour
_b as philosopher & thinker selected by Wilfrid M Short
260 _aBombay
_bLongman's Green and Co.
_c1913
300 _axv, 216p.
_ccm.
650 _aPHILOSOPHY
942 _hR88xM48, E3
_cTEXL
_2CC
999 _c227289
_d227289